História (mesmo) Breve de Quase Tudo (Registo nº 931)

Detalhes MARC
000 -Etiqueta do registo
Cabeçalho 00820nam0a2200301 i 4500
005 - Identificador da versão
Campo de controlo 20240813121819.0
010 ## - Número internacional normalizado dos livros (ISBN)
Número (ISBN) 9789722517881
021 ## - Número do Depósito Legal
Código do país PT
Número 284 979/08
035 ## - Other System Control Numbers
System Control Number 0000996
System Control Number 0000979
100 ## - Dados gerais de processamento
Dados gerais de processamento 20091119d2008 a y0pory5003 ba
102 ## - Pais de publicação ou produção
País de publicação Portugal
101 1# - Língua de publicação
Língua do texto, banda sonora, etc. Português
Língua do documento no original Inglês
106 ## - Campo de dados codificados: material textual
Dados codificados do material textual r
105 ## - Campo de dados codificados: livros
Dados codificados dos livros a z 001yy
215 ## - Descrição física 
Indicação específica da natureza do documento e extensão da espécie 169 p.
Outras indicações físicas il.
Dimensões cm
200 1# - Titulo e menção de responsabilidade
Título próprio História (mesmo) Breve de Quase Tudo
Primeira menção de responsabilidade Bill Bryson
Outras menções de responsabilidade Il. Yulia Somina
205 ## - Menção da edição
Menção da edição 1ª ed.
210 ## - Publicação, Distribuição, etc. 
Lugar da edição, distribuição, etc. Lisboa
Nome do editor, distribuidor, etc. Bertrand Editora
Data da publicação, distribuição, etc. 2008
300 ## - Notas gerais 
Texto da nota Uma viagem pela ciência, engraçada, divertida mas com grande rigor científico.
304 ## - Notas relativas a título e menção de responsabilidade 
Texto da nota Tít. orig.:
675 ## - Classificação Decimal Universal (CDU)
Notação 52/57
Edição BN
Língua da edição por
700 #1 - Nome de autor-pessoa física (responsabilidade principal)
Número de registo de entrada de autoridade 0001220
Palavra de ordem Bryson
Outra parte do nome não tomada para palavra de ordem Bill
942 ## - Elementos de entrada adicionados (Koha)
Tipo de item no Koha Livro
Exemplares
Situação do levantamento Origin of item (home branch) (coded) Biblioteca de empréstimo Código de barras Cota Circulation type (not for loan) Tipo de documento Nota do exemplar Damaged status
  Biblioteca Escolar Eng. Nuno Mergulhão Biblioteca Escolar Eng. Nuno Mergulhão BENM1672 52/57 BRY   Livro Sem mensagem